000 01564cam a2200469 4500
003 PE-LiUPU
005 20250731165636.0
020 _a1850754845
035 _a(Sirsi) i9781850754848
035 _a(Sirsi) 16923
035 _a(Sirsi) 16923
041 _aen
044 _agb
082 0 4 _a221.07
_bJ 176
100 1 _aBrin, Gershon
245 _aStudies in Biblical Law
_n176
_n176.
264 1 _aSheffield :
_bSheffield Academic Press, Ltd.,
_c1994
300 _a309 páginas ;
_c21 cm.
490 0 _aJournal for the Study of the O.Testament Suppl. Series
_v176
505 0 _aDouble laws in the Bible: The development of some biblical laws -- The formula 'If the shall not (do)',and the problem of sanctions in biblical law -- The laws of the first-born -- Laws
526 _aSEG44
526 _aSEG26
526 _aP151
526 _aP150
526 _aP149
526 _aP146
526 _aP145
526 _aP126
526 _aP125
526 _aP92
526 _aP75
526 _aP74
526 _aP27
526 _aP15
630 _aBiblia
_xAspectos legales
942 _2ddc
_cBOOK
949 _a221.07 J 176
_i40073
_lPOSTGRADO
_mBUL
_tLIBRO
_o.STAFF. Posgrado
859 _q40073
_h221.07
_iJ 176
596 _a1
999 _aRC 221.07 J 176
_wDEWEY
_c57856
_i40073
_d57856
_f2021-11-8
_g6
_lCCODEBUL1
_mBUL
_q1
_r1
_sY
_tBOOK
_u2015-6-16
_xTEOLOGIA
_zUNKNOWN
_0COMPRA
_o.CIRCNOTE. No olvidar cambiar la fecha de devolución!!!!!!!
_o.STAFF. Colección General
980 _81
_gALBERTO SANCHEZ Responsable de Automatización